000
00336nam a2200133Ia 4500
008
240624s9999 xx 000 0 und d
041
_a
eng
082
_a
005.376 IBM
100
_a
IBM
245
_a
MQ SERIES WORKFLOW MODELING
260
_c
2003
_a
New Delhi
_b
Prentice-Hall of India
300
_a
xv, , 356 , 23 : p. : cm.
365
_c
RS
999
_c
3535
_d
3535